000 00663nam a2200241Ia 4500
003 OSt
005 20230623115437.0
008 210423s2011 xx 000 0 und d
020 _a978-81-224-2828-5
040 _cAL
041 _aeng
082 _a547.028 SETS
100 _aSETHI (Arun)
_9109989
245 _aSystematic lab experiments in organic chemistry Ed 2
250 _a2
260 _aNew Delhi
_bNew Age International
_c2011
300 _axxi,907
_bPB
365 _b295
_cINR
650 _aChemistry
_9109990
650 _aOrganic Chemistry
_9109991
906 _achemistry ; Ed ; experiments ; lab ; organic ; Systematic
942 _2ddc
_cBK
999 _c167823
_d167823